[Event "YUG-ch (Women)"]
[Site "Budva"]
[Date "2002.??.??"]
[Round "?"]
[White "Tadic, Katarina"]
[Black "Lazarevic, Dragica"]
[Result "1/2-1/2"]
[WhiteElo "2141"]
[BlackElo "2045"]
[PlyCount "111"]
[EventDate "2002.08.??"]
[EventType "team"]
[EventRounds "9"]
[EventCountry "YUG"]
[SourceTitle "EXT 2003"]
[Source "ChessBase"]
[SourceDate "2002.11.25"]
[SourceVersion "1"]
[SourceVersionDate "2002.11.25"]
[SourceQuality "1"]

1. Nf3 c5 2. c4 Nc6 3. g3 Nf6 4. Bg2 d5 5. cxd5 Nxd5 6. Nc3 Nc7 7. 0-0 e6 8. d3 Be7 9. Ne1 0-0 10. Nc2 Nd4 11. Ne3 Rb8 12. Bd2 b6 13. Nc4 Bb7 14. Bf4 Bxg2 15. Kxg2 Rb7 16. e3 Nc6 17. Qf3 Nd5 18. Nxd5 exd5 19. Ne5 Nxe5 20. Bxe5 Rd7 21. Rac1 Re8 22. h4 Bxh4 23. Bxg7 Kxg7 24. gxh4 Rg8 25. Rh1 Rd6 26. h5 Kh8+ 27. Kf1 Qg5 28. Ke2 Rf6 29. Qh3 Qe5 30. Rc2 d4 31. e4 Qf4 32. Ke1 h6 33. a3 a5 34. Qh4 Rg4 35. Qh3 Qg5 36. Qh2 Rff4 37. Rf1 Qe5 38. Qh3 Qg5 39. Qh2 Rh4 40. Qg3 Qxh5 41. f3 Rf6 42. Qb8+ Kh7 43. Rg2 Rg6 44. Rxg6 Qxg6 45. Kf2 Qg5 46. Qg3 Qe3+ 47. Kg2 Rh5 48. f4 Qd2+ 49. Rf2 Qc1 50. Qg4 Rh1 51. Qf5+ Kg7 52. Qg4+ Kf8 53. Qc8+ Kg7 54. Qg4+ Kf6 55. Qf5+ Ke7 56. Qe5+ 1/2-1/2

[Event "YUG-ch3 (Women)"]
[Site "Vrnjacka Banja"]
[Date "1996.??.??"]
[Round "?"]
[White "Lazarevic, Dragica"]
[Black "Dragasevic, Antonina"]
[Result "1/2-1/2"]
[WhiteElo "2080"]
[BlackElo "2185"]
[PlyCount "39"]
[EventDate "1996.??.??"]
[EventType "tourn"]
[EventRounds "11"]
[EventCountry "YUG"]
[SourceTitle "EXT 1998"]
[Source "ChessBase"]
[SourceDate "1997.11.17"]
[SourceVersion "1"]
[SourceVersionDate "1997.11.17"]
[SourceQuality "1"]

1. d4 Nf6 2. Nf3 c5 3. e3 g6 4. b3 Bg7 5. Bb2 0-0 6. Bd3 d6 7. 0-0 Nc6 8. a3 Bg4 9. Be2 Nd7 10. Nbd2 Rb8 11. c4 a6 12. Qc1 b5 13. dxc5 Bxb2 14. Qxb2 dxc5 15. cxb5 axb5 16. h3 Bxf3 17. Nxf3 Qb6 18. Rfd1 Rfd8 19. Rac1 Rbc8 20. Rd2 1/2-1/2

[Event "YUG-ch3 (Women)"]
[Site "Vrnjacka Banja"]
[Date "1996.??.??"]
[Round "?"]
[White "Lazarevic, Dragica"]
[Black "Nestorovic, Irena"]
[Result "0-1"]
[WhiteElo "2080"]
[BlackElo "2060"]
[PlyCount "64"]
[EventDate "1996.??.??"]
[EventType "tourn"]
[EventRounds "11"]
[EventCountry "YUG"]
[SourceTitle "EXT 1998"]
[Source "ChessBase"]
[SourceDate "1997.11.17"]
[SourceVersion "1"]
[SourceVersionDate "1997.11.17"]
[SourceQuality "1"]

1. d4 d5 2. Nf3 Nc6 3. b3 Bf5 4. a3 e6 5. Bb2 Be7 6. e3 a6 7. Bd3 Nh6 8. 0-0 0-0 9. Nbd2 Bxd3 10. cxd3 Bd6 11. b4 f6 12. Qb3 Qe8 13. e4 Qf7 14. h3 Bf4 15. Rad1 Bxd2 16. Rxd2 Kh8 17. Re2 g5 18. Ne1 Rad8 19. Nc2 f5 20. f3 Ng8 21. Ref2 Nge7 22. Bc3 Ng6 23. Qb2 Nf4 24. Ne1 Qg6 25. Kh1 Rg8 26. Qd2 Qh5 27. Qe3 Rg6 28. Qd2 Rh6 29. Kg1 Ne7 30. Bb2 Neg6 31. Kh1 Nxh3 32. gxh3 Qxh3+ 0-1